|
|
|
|
| LEADER |
00000nab a2200000 a 4500 |
| 001 |
vtls008985641 |
| 003 |
SK-MaSNL |
| 005 |
20260303202538.0 |
| 008 |
140515 1976 xo 000 0 slo |
| 015 |
|
|
|a SNBRB1977
|
| 040 |
|
|
|a SNKBUCL
|b slo
|c SNKBUCL
|e AACR2
|
| 041 |
0 |
|
|a slo
|b rus
|b slo
|
| 044 |
|
|
|a xo
|c SK
|
| 080 |
|
|
|a 633.11
|2 2001
|
| 100 |
1 |
|
|a Kubjatko, František
|4 aut
|9 215673
|
| 245 |
1 |
0 |
|a Štúdium adaptability niektorých odrôd ozimnej pšenice v priebehu jesenno-zimného obdobia
|c František Kubjatko, Andrej Göbö
|
| 300 |
|
|
|b Obr., tb.
|
| 504 |
|
|
|a Bibliogr. odkazy
|
| 546 |
|
|
|a Res. rus., slo.
|
| 650 |
0 |
7 |
|a ozimná pšenica
|2 snkbucl
|9 28625
|
| 700 |
1 |
|
|a Göbö, Andrej
|4 aut
|9 377072
|
| 773 |
0 |
|
|t Poľnohospodárstvo
|g Roč. 22, č. 11 (1976), s. 1025-1039
|
| 999 |
|
|
|c 2180240
|d 2182170
|